000 00381nam a22001457a 4500
999 _c4502
_d4502
008 200807b ||||| |||| 00| 0 eng d
082 0 0 _a621.8
_bA6371
100 _9752
_aAnvoner, S.
245 1 0 _aSolution of problems in theory of machines
_cby S. Anvoner
260 _aLondon
_bPitman
_c1960
300 _a150 p.
365 _d28.00
650 0 _aMechanical Movements
942 _cBK